00972nam a22002297a 4500003000900000005001700009008004100026040001300067082002200080100005200102245020400154260011600358300002400474500002200498650004200520651001800562654002000580655003800600700004700638710005000685856000700735BD-DhSAU20251111163246.0210929b |||||||| |||| 00| 0 eng d aBD-DhSAU 222a636.085bR124 aISLAM, MD. RAFIQULeRegistration No.:# 16-07191 aEffect of black soldier fly larvae (bsfl) meal as partial replacement to soybean meal with different doses of phytase enzyme on growth performance and carcass traits of broiler chicken / bMs Thesis aSher-e-Bangla Agricultural University Dhaka 1207;bDepartment of Animal Nutrition Genetics and Breeding;c2024; aixv, 65p.;c30cm.; aIncluding Index.; ablack soldier fly larvae (bsfl) meal  asoybean meal  aphytase enzyme  acarcass traits of broiler chicken aProf. Dr. Md. Mufazzal HossaineSupervisor aProf. Md. Mahfuj Ullah PatoaryeCo-Supervisor yNo